| 000 | 00793nam a22002057a 4500 | ||
|---|---|---|---|
| 999 |
_c5670 _d5670 |
||
| 003 | AR-CdUCM | ||
| 008 | 190313b ||||| |||| 00| 0 spa d | ||
| 040 |
_aMUNICIPALIDAD PROVINCIAL DEL CUSCO _cBIBLIOTECA MUNICIPAL DEL CUSCO |
||
| 082 |
_213 ed. _a985.0013 / _bM26 |
||
| 100 |
_aMariategui, José Carlos _91823 |
||
| 245 | _a7 ensayos de interpretación de la realidad peruana / | ||
| 260 |
_aLima : _bAmauta, _c1968. |
||
| 300 |
_a277 paginas ; _c25 cm. |
||
| 505 | _aContenido : Esquema de la evolución económica -- El problema del indio -- El problema de la tierra -- El proceso de la instrucción publica ... | ||
| 650 |
_aHistoria social del Perú _916913 |
||
| 650 |
_aRealidad peruana _92930 |
||
| 650 |
_aHistoria económica peruana _916914 |
||
| 942 |
_2ddc _cLIBROS |
||
| 945 | _arah | ||